Normal view MARC view
  • O'Neill, Eugene,

Entry Personal Name

Number of records used in: 2

001 - CONTROL NUMBER

  • control field: 153686

003 - CONTROL NUMBER IDENTIFIER

  • control field: DLC

005 - DATE AND TIME OF LATEST TRANSACTION

  • control field: 20260415160103.0

008 - FIXED-LENGTH DATA ELEMENTS

  • fixed length control field: 170905n| azannaabn |n aaa

010 ## - LIBRARY OF CONGRESS CONTROL NUMBER

  • LC control number: n 2017053465

040 ## - CATALOGING SOURCE

  • Original cataloging agency: DLC
  • Language of cataloging: eng
  • Transcribing agency: DLC
  • Description conventions: rda

100 1# - HEADING--PERSONAL NAME

  • Personal name: O'Neill, Eugene,
  • Dates associated with a name: 1888-1953.
  • Title of a work: Mourning becomes Electra

670 ## - SOURCE DATA FOUND

  • Source citation: American / Century Play Company scripts and business papers, 1894-2005:
  • Information found: finding aid (Eugene O'Neill's Mourning becomes Electra script)

670 ## - SOURCE DATA FOUND

  • Source citation: Wikipedia, viewed Sept. 5, 2017:
  • Information found: (Mourning becomes Electra; play cycle; written by Eugene O'Neill)
Devinim Yazılım Eğitim Danışmanlık tarafından Koha'nın orjinal sürümü uyarlanarak geliştirilip kurulmuştur.